Statistiques concernant Génériques Studios de cinéma par images

Cliquez ici pour prendre le quiz!

Statistiques générales

  • Ce quiz a été pris 119 fois
  • Le résultat moyen est 8 sur 12

Statistiques - réponses

Réponse% Correct
Pixar
98%
Universal
97%
Warner Bros
91%
DreamWorks
83%
Paramount
79%
Twentieth Century Fox
68%
Walt Disney
68%
Columbia
59%
Sony
43%
Metro-Goldwyn-Mayer (MGM)
41%
TriStar
25%
New Line Cinema
19%

Distribution des résultats

Percentile par nombre de réponses

% des personnes avec chaque résultat

Votre développement - résultats

Vous n’avez pas pris ce quiz